| 000 | 00726nam a22002057a 4500 | ||
|---|---|---|---|
| 999 |
_c65163 _d65163 |
||
| 005 | 20240530110810.0 | ||
| 008 | 190115s1990 ua a f 000 0 ara d | ||
| 020 | _a90023004001 | ||
| 040 |
_aEG-CaGPL _cEG-CaGPL |
||
| 082 | 0 | 4 |
_221 _a796 / _bم ل |
| 100 | 1 | _aمورغن ، بيتر | |
| 245 | 1 | 2 |
_aاللياقة البدنية لكل الاعمار / _cتأليف بيتر مورغن ؛ ترجمة عماد ابوالسعد |
| 250 | _aط.1 | ||
| 260 |
_aالقاهرة : _bالدار العربية للعلوم ناشرون، _c1990. |
||
| 300 |
_a51 ص. : _bايض ؛ _c22 سم. |
||
| 650 | 0 | 7 |
_2qrmak _aاللياقة البدنية |
| 651 | _2qrmak | ||
| 942 |
_2ddc _cBK |
||